• 首页
  • 本馆介绍
  • 公告通知
  • 最新文献
  • 馆藏检索
  • 电子资源
  • 读者导购
  • 参考咨询
  • 我的图书馆
  • 登录
  • 详细信息显示
  • 放入我的书架
  • 预约/预借图书
  • 作者相关作品
  • 分类相关作品
  • 丛书相关作品
  • 出版社相关作品

书目信息

  • 表格格式
  • 工作单格式
  • 卡片格式
题名:
老舍著译编目
    
 
作者: 张桂兴 编著
分册:  
出版信息: 北京   中国国际广播出版社  2000.09
页数: 536页
开本: 32开
丛书名: 老舍研究丛书
单 册:
中图分类: Z862.7
科图分类:
主题词: 个人著作--图书目录
电子资源:
ISBN: 7-5078-1886-1
000 00633nam0 2200217 45
001 0105231191
005 20031219104050.0
010    @a7-5078-1886-1@b精装@dCNY39.80
100    @a20010523d2000 km y0chiy0120 ea
101 0  @achi
105    @ac z 000yy
200 1  @a老舍著译编目@ALao She Zhu Yi Bian Mu@f张桂兴编著@FZhang Gui Xing Bian Zhu
210    @a北京@c中国国际广播出版社@d2000.09
215    @a536页@c照片@d32开
225    @a老舍研究丛书
410    @12001 @a老舍研究丛书
606 0  @a个人著作@x图书目录
690    @aZ862.7@v4
701    @a张桂兴@4编著
801    @aCN@bTSTC@c20010523
905    @f4@b297651-654@dZ862.7@e59
    
    老舍著译编目/张桂兴编著.-北京:中国国际广播出版社,2000.09
    536页:照片;32开.-(老舍研究丛书)
    
    
    ISBN 7-5078-1886-1(精装):CNY39.80
    
●
相关链接 在E读中查询图书 在五车中查询图书 在当当中查询图书 在豆瓣中查询图书


正题名:老舍著译编目     索取号:Z862.7/59         预约/预借

序号 登录号 条形码 馆藏地/架位号 状态 备注
1 0297651   202976510   密集书库/ [索取号:Z862.7/59] 在馆    
2 0297652   202976529   工具书阅览室/ [索取号:Z862.7/59] 在馆    
3 0297653   202976538   密集书库/ [索取号:Z862.7/59] 在馆    
4 0297654   202976547   第二样本阅览室/ [索取号:Z862.7/59] 在馆    
唐山师范学院图书馆 欢迎您!
大连网信软件有限公司© 版权所有